| 000 | 00645cam a22002417a 4500 | ||
|---|---|---|---|
| 999 |
_c704 _d704 |
||
| 001 | 14916396 | ||
| 003 | GZU | ||
| 005 | 20200910154739.0 | ||
| 008 | 070705s2007 enk 000 0 sna | ||
| 010 | _a 2007380820 | ||
| 020 | _a0797430172 | ||
| 040 |
_aDLC _cDLC |
||
| 042 | _alcode | ||
| 050 | 0 | 0 |
_aPL8681.9 _bGWA 2010 |
| 100 | 1 |
_aGwata, Christopher C., _d1941- _eauthor |
|
| 245 | 1 | 0 |
_aBotso / _cChristopher C. Gwata. |
| 260 |
_aMarondera : _bNew Era College, _cc2010. |
||
| 300 |
_a183 p. ; _c21 cm. |
||
| 500 | _aA novel. | ||
| 546 | _aIn Shona. | ||
| 906 |
_a7 _bcbc _corigode _d4 _encip _f20 _gy-gencatlg |
||
| 942 |
_2lcc _cBK _h8681.9 _iGWA _kPL |
||